Shaquille O'Neal - Statistics

General Stats
  • This quiz has been taken 560 times
  • The average score is 5 of 7
Answer Stats
Hint Answer % Correct
Height 7'1
93%
His Last Team Celtics
92%
Number For The Magic 32
90%
His Team After The Heat But Before The Cavs Suns
90%
Won MVP In 99-00
88%
College LSU
63%
Analyst For What Show Inside The Nba
31%
No matching quizzes found
Score Distribution
Percent of People with Each Score
Percentile by Number Answered
Your Score History
You have not taken this quiz